| 000 | 00896nam a22002417a 4500 | ||
|---|---|---|---|
| 003 | TZ-ArACH | ||
| 005 | 20260317112218.0 | ||
| 008 | 260317b |||||||| |||| 00| 0 eng d | ||
| 040 |
_aTZ-ArACH _beng _cTZ-ArACH _dTZ-ArACH |
||
| 050 |
_aJV6035 _b.J68 2025 |
||
| 245 |
_aJournal of migration and security studies _cEdited by Alexander Makulilo and Clement Mubanga |
||
| 260 |
_aMoshi, Tanzania: _bJournal of migration and security studies _c2025 |
||
| 300 |
_aiii, 86 p.: _c21 cm |
||
| 440 |
_aJournal of migration and security studies _nNo.1 |
||
| 490 | _vVol. 1 | ||
| 650 | _aTanzania--Immigration--Security | ||
| 650 | _aWomen--Risk--DR Congo | ||
| 650 | _aGender Inequality--Tanzania | ||
| 650 | _aPeace, Democracy--Tanzania | ||
| 700 |
_aMakulilo, Alexander _eEditor-in-Chief |
||
| 700 |
_aMubanga, Clement _eAssociate Editor |
||
| 942 |
_2lcc _cBOOK _hJV6035 _i.J68 2025 |
||
| 999 |
_c7835 _d7835 |
||